| 000 | 00826cam a22002535a 4500 | ||
|---|---|---|---|
| 001 | 12765771 | ||
| 005 | 20150823155427.0 | ||
| 008 | 020506t2002 enka frb 001 0 eng d | ||
| 020 | _a0470843187 | ||
| 020 | _a9780470843185 | ||
| 040 |
_aDLC _beng _cDLC _dC#P _dOCL _dDLC _dEG-ScBUE |
||
| 050 | 0 | 0 |
_aTK5103.4875 _b.S62 2002 |
| 082 | 0 | 4 |
_a621.384 _bSOF _222 |
| 245 | 0 | 0 |
_aSoftware defined radio : _benabling technologies / _cedited by Walter Tuttlebee. |
| 260 |
_aChichester : _bJohn Wiley & Sons, _cc.2002. |
||
| 300 |
_axxxvii, 402 p. : _bill. ; _c25 cm. |
||
| 500 | _aIndex : p. 399-402. | ||
| 504 | _aIncludes bibliographical references. | ||
| 650 | 7 |
_aSoftware radio. _2BUEsh _937227 |
|
| 653 |
_bENGELC _cAugust2015 |
||
| 655 |
_vreading book _934232 |
||
| 700 | 1 |
_aTuttlebee, Wally H. W., _d1953- _eeditor. |
|
| 942 | _2ddc | ||
| 999 |
_c20672 _d20644 |
||